|
|
|
|
| LEADER |
01112nam a2200265 a 4500 |
| 001 |
3839455 |
| 008 |
870213s1988 gauaf b s001 0 eng d |
| 010 |
|
|
|a 87005840
|
| 020 |
|
|
|a 0820309575 (alk. paper)
|
| 020 |
|
|
|a 0820309583 (pbk. : alk. paper)
|
| 040 |
|
|
|a DLC
|c DLC
|d DLC
|d BD-DhAAL
|
| 082 |
0 |
0 |
|a 305.4/09/02
|2 19
|
| 245 |
0 |
0 |
|a Women and power in the Middle Ages /
|c edited by Mary Erler, Maryanne Kowaleski.
|
| 260 |
|
|
|a Athens :
|b University of Georgia Press,
|c c1988.
|
| 300 |
|
|
|a 277 p., [2] p. of plates :
|b ill. (some col.) ;
|c 25 cm.
|
| 504 |
|
|
|a Includes bibliographies and index.
|
| 541 |
1 |
|
|e 00004327
|
| 650 |
|
0 |
|a Women
|x History
|y Middle Ages, 500-1500.
|
| 650 |
|
0 |
|a Social history
|y Medieval, 500-1500.
|
| 650 |
|
0 |
|a Power (Social sciences)
|
| 700 |
1 |
|
|a Erler, Mary Carpenter.
|
| 700 |
1 |
|
|a Kowaleski, Maryanne.
|
| 852 |
4 |
|
|a Ayesha Abed Library
|j General shelf
|
| 999 |
|
|
|c 6738
|d 6738
|
| 952 |
|
|
|0 0
|1 0
|2 ddc
|4 0
|6 305_409020000000000_WOM_1988
|7 0
|9 6918
|a BRACUL
|b BRACUL
|c GEN
|d 2010-01-06
|g 0.00
|l 3
|m 2
|o 305.40902 WOM
|p 3010004327
|q 2026-07-28
|r 2025-09-23
|s 2025-09-23
|t 1
|w 2010-01-06
|y BK
|z Not price in Register
|